000 00800nam a2200157Ia 4500
008 100122s9999 xx 000 0 und d
082 _b31709
_a821
100 _aगोडबोले परशुराम
245 _aनवनीत अथवा मराठी कवितांचे वेंचे (क.क्र.25/2)
260 _bमंगळदास आणि सन्स
_c1981
520 _aमराठी कवितांचे वेंचे
620 _aमराठी कवितांचे वेंचे
630 _aनवनीत अथवा मराठी कवितांचे वेंचे (क.क्र.25/2)
730 _aनवनीत अथवा मराठी कवितांचे वेंचे (क.क्र.25/2)
942 _cBOOK
999 _c416233
_d416230